000 00423nam a2200145Ia 4500
008 230917s9999||||xx |||||||||||||| ||und||
040 _e81678
_aMAIN
041 _aEnglish
082 _a372 R187C
100 _aRath, R
245 0 _aCognitive abilities and school achievement of the socially disadvantaged children in primary schools
260 _aBombay
_bAllied Publishers
_c1979
300 _aviii, 167 p.
942 _cBK
999 _c44781
_d44781